Statistics for Stupid Beliefs of the Internet

Click here to take the quiz!

General Stats

  • This quiz has been taken 30,172 times
  • The average score is 14 of 21

Answer Stats

Clue Answer % Correct
This 2001 Al-Qaeda attack was actually staged by the U.S. government9/11
95%
This phenomenon, caused by increased levels of CO2, is not actually happeningGlobal Warming
87%
This 1969 world event was a hoax - filmed in a "Hollywood basement"Moon Landing
87%
This is only about 6,000 years oldThe Earth
85%
This person was born in Nigeria, or Indonesia, or anywhere besides the U.S.Barack Obama
85%
The CIA created this virus to wipe out Africans and homosexualsHIV
84%
There is no actual scientific evidence to support this theory by Charles DarwinEvolution
84%
This singer, thought to have died in 1977, is still alive somewhereElvis Presley
82%
Ancient aliens built these timeless structuresThe Pyramids
79%
This military facility in Nevada holds the remains of a crashed alien spacecraftArea 51
77%
This form of preventative medicine causes autismVaccines
73%
Franklin Roosevelt had advance knowledge of this attackPearl Harbor
70%
This 2005 natural disaster was sent by God to punish sinnersHurricane Katrina
59%
This 16th century Frenchman accurately foresaw future world eventsNostradamus
51%
Jesus married this biblical character and their descendants are still around todayMary Magdalene
50%
This substance in the drinking water is meant to keep the population docileFluoride
47%
These tracks left by airplanes contain dangerous chemicalsContrails
38%
This rock musician died in 1966 and was secretly replaced with a look-alikePaul McCartney
36%
These Brazilian berries have powerful health benefitsAçaí
33%
"Cleansing" this organ has beneficial health effectsColon
32%
Lacrosse players from this University sexually assaulted a stripperDuke
26%

Score Distribution

Percentile by Number Answered

Percent of People with Each Score

Your Score History

You have not taken this quiz